[Event "American Continental 18th"]
[Site "Medellin"]
[Date "2024.05.25"]
[Round "2"]
[White "Ticona Rocabado, Licael Roderick"]
[Black "Tobar Beltran, Jorge Esteban"]
[Result "1-0"]
[WhiteElo "2360"]
[BlackElo "2002"]
[PlyCount "55"]
[EventDate "2024.05.24"]
[EventType "swiss"]
[EventRounds "11"]
[EventCountry "COL"]
[SourceTitle "CBM 220 Extra"]
[Source "ChessBase"]
[SourceDate "2024.07.31"]
[SourceVersion "1"]
[SourceVersionDate "2024.07.31"]
[SourceQuality "1"]

1. d4 e6 2. c4 f5 3. Nf3 Nf6 4. a3 Be7 5. g3 b6 6. Bg2 Bb7 7. 0-0 0-0 8. Nc3 Ne4 9. d5 Nxc3 10. bxc3 Na6 11. Qc2 Bf6 12. Rd1 Qe8 13. a4 g6 14. Ba3 Rf7 15. Ne5 Rg7 16. Nd3 e5 17. e4 d6 18. f4 Bc8 19. fxe5 Bxe5 20. Bc1 Bf6 21. Re1 Re7 22. e5 Bxe5 23. Bg5 Rf7 24. Bf4 Nc5 25. Nxe5 dxe5 26. Rxe5 Qd7 27. d6 Bb7 28. Rxc5 1-0

[Event "COL-ch Students"]
[Site "Popayan"]
[Date "2024.05.04"]
[Round "6"]
[White "Mora Munoz, John Alexander"]
[Black "Tobar Beltran, Jorge Esteban"]
[Result "0-1"]
[WhiteElo "1789"]
[BlackElo "2002"]
[PlyCount "72"]
[EventDate "2024.05.02"]
[EventType "swiss"]
[EventRounds "7"]
[EventCountry "COL"]
[SourceTitle "CBM 220 Extra"]
[Source "ChessBase"]
[SourceDate "2024.07.31"]
[SourceVersion "1"]
[SourceVersionDate "2024.07.31"]
[SourceQuality "1"]

1. d4 e6 2. Nf3 f5 3. c4 Nf6 4. Nc3 Bb4 5. Bd2 0-0 6. g3 b6 7. Bg2 Bb7 8. 0-0 d6 9. Rc1 Bxc3 10. Rxc3 Ne4 11. Rc2 Nd7 12. Qc1 Nxd2 13. Nxd2 Bxg2 14. Kxg2 Qf6 15. Nf3 Rae8 16. Qg5 e5 17. Qxf6 Rxf6 18. dxe5 Nxe5 19. Nxe5 Rxe5 20. e3 Re4 21. Rd1 Kf7 22. Rd4 Rfe6 23. Rd5 g6 24. b3 R6e5 25. f3 Rxe3 26. Rxe5 Rxe5 27. Kf2 Ke6 28. f4 Re4 29. Kf3 h5 30. h4 c6 31. a4 a5 32. Rc3 d5 33. cxd5+ Kxd5 34. Rd3+ Rd4 35. Rc3 c5 36. Ke3 Re4+ 0-1

[Event "COL-ch Students"]
[Site "Popayan"]
[Date "2024.05.04"]
[Round "7"]
[White "Tobar Beltran, Jorge Esteban"]
[Black "Tobar Beltran, Carlos Andres"]
[Result "1/2-1/2"]
[WhiteElo "2002"]
[BlackElo "2018"]
[PlyCount "33"]
[EventDate "2024.05.02"]
[EventType "swiss"]
[EventRounds "7"]
[EventCountry "COL"]
[SourceTitle "CBM 220 Extra"]
[Source "ChessBase"]
[SourceDate "2024.07.31"]
[SourceVersion "1"]
[SourceVersionDate "2024.07.31"]
[SourceQuality "1"]

1. d4 e6 2. e3 f5 3. f4 Nf6 4. Nf3 d5 5. Bd3 Bd6 6. 0-0 0-0 7. Ne5 c6 8. b3 Nbd7 9. Bb2 Ne4 10. Bxe4 fxe4 11. Nd2 Bxe5 12. fxe5 Rxf1+ 13. Qxf1 b6 14. Qf2 Qe7 15. Rf1 Ba6 16. c4 Rf8 17. Qe2 1/2-1/2

[Event "COL-ch Students"]
[Site "Popayan"]
[Date "2024.05.03"]
[Round "4"]
[White "Delgado Rodallega, Erwin Damar"]
[Black "Tobar Beltran, Jorge Esteban"]
[Result "0-1"]
[WhiteElo "1612"]
[BlackElo "2002"]
[PlyCount "80"]
[EventDate "2024.05.02"]
[EventType "swiss"]
[EventRounds "7"]
[EventCountry "COL"]
[SourceTitle "CBM 220 Extra"]
[Source "ChessBase"]
[SourceDate "2024.07.31"]
[SourceVersion "1"]
[SourceVersionDate "2024.07.31"]
[SourceQuality "1"]

1. e4 e5 2. Nf3 Nf6 3. Nxe5 d6 4. Nf3 Nxe4 5. Bc4 d5 6. Qe2 Be7 7. 0-0 Nf6 8. Bb3 0-0 9. d4 Bg4 10. Bf4 Re8 11. Nbd2 Bd6 12. Be3 c6 13. c3 Ne4 14. Qd3 Nd7 15. h3 Bf5 16. Ng5 Ng3 17. Nde4 Nxe4 18. Nxe4 Bxe4 19. Qd2 Nf6 20. f3 Bg6 21. g4 Qd7 22. Rf2 Re6 23. f4 Ne4 24. Qe2 Nxf2 25. Qxf2 f5 26. c4 dxc4 27. Bxc4 Bf7 28. d5 Rxe3 29. Qxe3 cxd5 30. Be2 Re8 31. Qf3 Qe6 32. Bb5 Qe3+ 33. Kg2 Qxf3+ 34. Kxf3 Re4 35. Rc1 Rxf4+ 36. Kg2 Be6 37. Bd3 fxg4 38. hxg4 Rxg4+ 39. Kf3 Rg3+ 40. Ke2 Bg4+ 0-1

[Event "COL-ch Students"]
[Site "Popayan"]
[Date "2024.05.03"]
[Round "3"]
[White "Tobar Beltran, Jorge Esteban"]
[Black "Cardona, Jacobo"]
[Result "0-1"]
[WhiteElo "2002"]
[BlackElo "1729"]
[PlyCount "38"]
[EventDate "2024.05.02"]
[EventType "swiss"]
[EventRounds "7"]
[EventCountry "COL"]
[SourceTitle "CBM 220 Extra"]
[Source "ChessBase"]
[SourceDate "2024.07.31"]
[SourceVersion "1"]
[SourceVersionDate "2024.07.31"]
[SourceQuality "1"]

1. f4 e5 2. fxe5 d6 3. g3 dxe5 4. Bg2 Nf6 5. Nf3 Nc6 6. 0-0 Bc5+ 7. Kh1 Bg4 8. Nc3 Qd7 9. d3 h6 10. Na4 Bd6 11. Be3 Bh3 12. Nc5 Bxg2+ 13. Kxg2 Bxc5 14. Bxc5 Qd5 15. Bf2 e4 16. dxe4 Qxe4 17. Qd3 Rd8 18. Qxe4+ Nxe4 19. Bc5 Nxc5 0-1

[Event "COL-ch Students"]
[Site "Popayan"]
[Date "2024.05.03"]
[Round "5"]
[White "Tobar Beltran, Jorge Esteban"]
[Black "Velasquez Soto, Jair Andres"]
[Result "1-0"]
[WhiteElo "2002"]
[BlackElo "1754"]
[PlyCount "99"]
[EventDate "2024.05.02"]
[EventType "swiss"]
[EventRounds "7"]
[EventCountry "COL"]
[SourceTitle "CBM 220 Extra"]
[Source "ChessBase"]
[SourceDate "2024.07.31"]
[SourceVersion "1"]
[SourceVersionDate "2024.07.31"]
[SourceQuality "1"]

1. d4 d6 2. e4 Nf6 3. Nc3 g6 4. f4 Bg7 5. Nf3 0-0 6. Be2 c6 7. 0-0 Nbd7 8. e5 Ne8 9. Be3 Nb6 10. h3 Nd5 11. Nxd5 cxd5 12. Bd3 Bd7 13. c3 Qb6 14. Qe2 Rc8 15. Bf2 Nc7 16. Bh4 Rce8 17. a4 f6 18. Kh1 dxe5 19. fxe5 Ne6 20. Bg3 Bh6 21. exf6 exf6 22. Qc2 Ng7 23. Nh4 f5 24. Nf3 Nh5 25. Bh2 Bg7 26. a5 Qd8 27. a6 b6 28. Rae1 Bc8 29. Qf2 Nf6 30. Qc2 Rxe1 31. Rxe1 Re8 32. Be5 Ne4 33. b4 Bxe5 34. dxe5 Qc7 35. c4 Bxa6 36. cxd5 Qxc2 37. Bxc2 Ng3+ 38. Kg1 Bc4 39. d6 Be6 40. Nd4 Kf7 41. Nxe6 Kxe6 42. Bb3+ Kd7 43. Ba4+ Kd8 44. Bxe8 Kxe8 45. Ra1 Ne2+ 46. Kf2 Nf4 47. Rxa7 Nd3+ 48. Ke3 Nxb4 49. e6 Nd5+ 50. Kd4 1-0